|
|
|
|
| LEADER |
00000nam a2200000 a 4500 |
| 001 |
vtls008951374 |
| 003 |
SK-MaSNL |
| 005 |
20260301170148.0 |
| 008 |
200115s2006 xo g 000 0 ger |
| 015 |
|
|
|a SNBA2007/06-02663
|
| 020 |
|
|
|a 8007013482 (brož.)
|
| 035 |
|
|
|a urn:nbn:sk:snk-am00ctsw
|
| 035 |
|
|
|a urn:nbn:sk:snk-am3hptw
|
| 035 |
|
|
|a DDA08C24-8CA1-4C6F-9915-8115D26CB2A8
|
| 040 |
|
|
|a SNK
|b slo
|c SNK
|e AACR2
|
| 041 |
0 |
|
|a ger
|a slo
|
| 044 |
|
|
|a xo
|c SK
|
| 072 |
|
7 |
|a 81
|x Lingvistika. Jazyky
|2 konspekt
|
| 080 |
|
|
|a 811.162.4
|2 2001
|
| 080 |
|
|
|a 81'24
|2 2001
|
| 080 |
|
|
|a 811.112.2 22001
|2 1981
|
| 080 |
|
|
|a (035)
|2 2001
|
| 080 |
|
|
|a 81'373
|2 2001
|
| 245 |
0 |
0 |
|a Slowakisch für dich mit Angaben zur Aussprache
|c [bearbeitet von Iveta Božoňová]
|
| 250 |
|
|
|a 2. slow. Ausg.
|
| 260 |
|
|
|a Bratislava
|b Príroda
|c 2005
|
| 300 |
|
|
|a 104 s.
|c 15 cm
|
| 490 |
1 |
|
|a Sprachführer
|
| 650 |
0 |
7 |
|a slovenčina
|2 SNKPH
|9 1350
|
| 650 |
0 |
7 |
|a konverzácia
|2 SNKPH
|9 49849
|
| 650 |
0 |
7 |
|a Slovak language
|2 SNKPHeng
|9 266031
|
| 650 |
0 |
7 |
|a Phraseology
|2 SNKPHeng
|9 283772
|
| 650 |
0 |
7 |
|a Conversation, terms and phrases
|2 SNKPHeng
|9 314419
|
| 650 |
0 |
7 |
|a nemčina
|2 SNKPH
|9 1384
|
| 650 |
0 |
7 |
|a German language
|2 SNKPHeng
|9 278149
|
| 650 |
0 |
7 |
|a slovná zásoba
|2 SNKPH
|9 66837
|
| 650 |
0 |
7 |
|a Vocabulary
|2 SNKPHeng
|9 101868
|
| 655 |
|
7 |
|a príručky
|2 SNKPH
|9 74364
|
| 655 |
|
7 |
|a Handbooks, manuals, etc.
|2 SNKPHeng
|9 90964
|
| 700 |
1 |
|
|a Božoňová, Iveta
|4 com
|9 299308
|
| 830 |
|
0 |
|a Sprachführer
|9 301535
|
| 919 |
|
|
|a 80-07-01348-2
|
| 968 |
|
|
|d 81
|
| 999 |
|
|
|c 826715
|d 828645
|
| 952 |
|
|
|a SNK
|b SNK
|y PREZ
|7 0
|p 17A0543909
|o snkSE 11346
|i snk2007/5876
|8 0
|0 0
|1 0
|4 0
|d 2007-03-02
|f 1
|l 0
|r 2026-02-24 03:24:34
|w 2026-02-24
|
| 952 |
|
|
|a SNK
|b SNK
|y VYP
|7 0
|p 17A0543908
|o snkSE 11346 D1
|i snk2007/5877
|8 0
|0 0
|1 0
|4 0
|d 2007-03-02
|l 0
|r 2026-02-24 03:24:34
|w 2026-02-24
|